000 00443nam a2200145Ia 4500
008 231129s2010||||xx |||||||||||||| ||spa||
020 _a978-958-719-685-6
040 _bspa
082 _a634.75 F634f
100 _aFlorez Faura Rafael
245 0 _aFresa (Fragaria x ananassa Duch.): Producción y manejo poscosecha
260 _c2010
264 _aCorredor Tecnológico Agroindustrial
942 _2ddc
_cBKS
999 _c14179
_d14179